Kto napisał tę książkę #4 - Statystyki

Ogólne statystyki
  • Ten quiz został rozwiązany 88 razy
  • Średni wynik to 6 z 16
Statystyki odpowiedzi
Hint Odpowiedź % Poprawnych
Boska komedia Dante Alighieri
90%
Anna Karenina Lew Tołstoj
75%
Imię róży Umberto Eco
70%
Sto lat samotności Gabriel Garcia Marquez
52%
Cień wiatru Carlos Ruiz Zafon
46%
Zabić drozda Harper Lee
44%
Ojciec Goriot Honore Balzac
42%
Paragraf 22 Joseph Heller
30%
Opowieść podręcznej Margaret Atwood
28%
Władca much William Golding
28%
Kubuś fatalista i jego pan Denis Diderot
25%
Dekameron Giovanni Boccaccio
24%
Lot nad kukułczym gniazdem Ken Kesey
24%
Z zimną krwią Trumane Capote
14%
Schron przeciwczasowy Georgi Gospodinow
6%
Biały zamek Orhan Pamuk
4%
Nie znaleziono quizów pasujących do podanych kryteriów
Rozkład punktacji
Procent ludzi z każdym wynikiem
Percentyl według liczby udzielonych odpowiedzi
Twoja historia wyników
Nie rozwiązałeś tego quizu